|
|
|
|
| LEADER |
00000nab a2200000uu 4500 |
| 001 |
vtls011154480 |
| 003 |
SK-MaSNL |
| 005 |
20260303121459.0 |
| 008 |
230131|1970 xo |||||||||||||||||slo| |
| 015 |
|
|
|a SNBRB
|
| 035 |
|
|
|a (urnnbn)urn:nbn:sk:snk:ar-a0a7xp
|
| 035 |
|
|
|a (uuid)addfc78c-8d88-418c-83b3-ba4a155d6c23
|
| 035 |
|
|
|a urn:nbn:sk:snk-abb37l
|
| 040 |
|
|
|a SNKBUCL
|b slo
|c SNKBUCL
|e AACR2
|
| 041 |
0 |
|
|a slo
|
| 044 |
|
|
|a xo
|c SK
|
| 100 |
1 |
|
|a Smidt, Dietrich
|4 aut
|9 677754
|
| 245 |
1 |
0 |
|a KULTIVÁCIA VAJEČNÝCH BUNIEK PRASNÍC IN VITRO
|c Dietrich Smidt, Ernest Harms, Pavol Mjerčiak, Ján Nichta
|
| 246 |
3 |
|
|a CULTIVATION OF EGG CELLS OF SOWS IN VITRO
|
| 700 |
1 |
|
|a Harms, Ernest
|4 aut
|9 1135158
|
| 700 |
1 |
|
|a Mjerčiak, Pavol
|4 aut
|9 1135159
|
| 700 |
1 |
|
|a Nichta, Ján
|4 trl
|9 46003
|
| 773 |
0 |
|
|t Poľnohospodárstvo : časopis pre poľnohospodárske vedy
|g Roč. 16, č. 10 (1970), s. 864-874
|
| 954 |
|
|
|a odborná, vedecká literatúra pôvodná (slovenská)
|2 lita
|
| 958 |
|
|
|a OND
|
| 958 |
|
|
|a EUIPO
|
| 958 |
|
|
|a article14
|
| 999 |
|
|
|c 1915708
|d 1917638
|